Similar Premise: TV Quiz Stats

 Plays Quiz Updated Jun 29, 2016

Score 0/24 Timer 07:00
4 Plays Today
% Correct
The Love Boat
94.7%
Fantasy Island
94.2%
The Addams Family
88.7%
I Dream of Jeannie
88.6%
Bewitched
87%
Touched by an Angel
86.8%
ALF
83.7%
Cop Rock
83.5%
The Nanny
81.2%
The Brady Bunch
80.3%
NYPD Blue
78.5%
Diff'rent Strokes
78.2%
% Correct
The A-Team
76.7%
The Fugitive
76.4%
Amazing Stories
74.9%
The Twilight Zone
74.1%
Webster
70.4%
Highway to Heaven
69.7%
Alice
69.4%
Mr. Belvedere
66.4%
The Munsters
64.5%
It's a Living
61.6%
Step by Step
53.8%
Mork and Mindy
46.2%

You're not logged in!

Compare scores with friends on all Sporcle quizzes.
OR
Log In

Show Comments

Extras

Top Quizzes Today


Score Distribution

Your Account Isn't Verified!

In order to create a playlist on Sporcle, you need to verify the email address you used during registration. Go to your Sporcle Settings to finish the process.

Report this User

Report this user for behavior that violates our Community Guidelines.

Details: